000
00304nam a22001337a 4500
008
181003b xxu||||| |||| 00| 0 eng d
020
_a
0816015406
041
_a
eng
080
_a
940
100
_a
17
101
_a
HIS
245
_a
The courts of the Italian renaissance
_c
Bertelli,S
942
_2
udc
_c
BK
999
_c
48798
_d
48798